| 000 | 01332cam a22003737a 4500 | ||
|---|---|---|---|
| 003 | CHAP | ||
| 005 | 20220329135847.0 | ||
| 008 | 971013s1994 r 00010 d | ||
| 010 | _a43428 | ||
| 011 | _a44400 | ||
| 035 | _a48538 | ||
| 040 | _cCHAP | ||
| 090 | _aTesis | ||
| 100 | 0 | 0 |
_aQuintana Hernández, Roberto. _993364 |
| 245 | 0 | _aEstudio agrológico semidetallado del proyecto de riego Alfonso Terrones Benitez municipio de Tula, Tamaulipas | |
| 260 |
_aMarín, N. L. : _bEl autor, _c1994 |
||
| 300 |
_a42 h. _b: ilus. ; anexo |
||
| 502 | _aTesis (Ing. Agr. Fitotecnista) -- Universidad Autónoma de Nuevo León. Facultad de Agronomía | ||
| 590 |
_aALEPH _b10 _c20130110 _lUCH01 _h1312 |
||
| 590 |
_aBATCH-UPD _b10 _c20130109 _lUCH01 _h2320 |
||
| 590 |
_aBATCH-UPD _b10 _c20130110 _lUCH01 _h1656 |
||
| 590 |
_aBATCH-UPD _b10 _c20130410 _lUCH01 _h1044 |
||
| 590 |
_aBATCH-UPD _b10 _c20130914 _lUCH01 _h0948 |
||
| 590 |
_aCONVERSION _b10 _c20130109 _lUCH01 _h1324 |
||
| 650 | 1 | 4 |
_aAgua para irrigacion. _92430 |
| 650 | 1 | 4 |
_aClima _xTamaulipas. _923845 |
| 650 | 1 | 4 |
_aCultivos y clima. _930392 |
| 650 | 1 | 4 |
_aIrrigación _xTamaulipas. _960487 |
| 650 | 1 | 4 |
_aSuelos _xClasificación _xTamaulipas. _9110261 |
| 650 | 1 | 4 |
_aSuelos _xTamaulipas. _9110490 |
| 901 | _aBK | ||
| 942 | _cTESIS | ||
| 949 |
_bBC _cTES _d-109855 _eTS1 _h28044 _i48538 _si |
||
| 999 |
_c43428 _d43428 |
||